Southville International School and Colleges
Your cart is empty.
  • Cart
  • Lists
    Public lists Eva Luna New books Lux_list list_1
    Your lists Log in to create your own lists
  • Log in to your account
  • Your cookies
  • Search history
Southville International School and Colleges
  • Advanced search
  • Recent comments
  • Most popular
  • Libraries

Log in to your account

Log in with GOOGLE


If you do not have an external account, but do have a local account, you can still log in:

  1. Home
  2. MARC view: Everyday Harumi :
Normal view MARC view ISBD view

Everyday Harumi : (Record no. 358811)

[ view plain ]
MARC details
000 -LEADER
fixed length control field 00599nam a2200217Ia 4500
008 - FIXED-LENGTH DATA ELEMENTS--GENERAL INFORMATION
fixed length control field 180920s9999 xx 000 0 und d
020 ## - INTERNATIONAL STANDARD BOOK NUMBER
International Standard Book Number 978-1-84091-722-2
050 ## - LIBRARY OF CONGRESS CALL NUMBER
Classification number CUL TX 724.5
050 ## - LIBRARY OF CONGRESS CALL NUMBER
Item number .J3K87 2016
100 ## - MAIN ENTRY--PERSONAL NAME
Personal name Kurihara, Harumi.
245 #0 - TITLE STATEMENT
Title Everyday Harumi :
245 #0 - TITLE STATEMENT
Remainder of title simple Japanese food for family & friends /
245 #0 - TITLE STATEMENT
Statement of responsibility, etc Harumi Kurihara; photography by Jason Lowe.
260 ## - PUBLICATION, DISTRIBUTION, ETC. (IMPRINT)
Place of publication, distribution, etc Great Britain :
260 ## - PUBLICATION, DISTRIBUTION, ETC. (IMPRINT)
Name of publisher, distributor, etc Conan Octopus,
260 ## - PUBLICATION, DISTRIBUTION, ETC. (IMPRINT)
Date of publication, distribution, etc 2016
300 ## - PHYSICAL DESCRIPTION
Extent 192 pages :
300 ## - PHYSICAL DESCRIPTION
Other physical details colored illustrations ;
300 ## - PHYSICAL DESCRIPTION
Dimensions 26 cm.
650 ## - SUBJECT ADDED ENTRY--TOPICAL TERM
Topical term or geographic name as entry element Cooking, Japanese.
Holdings
Withdrawn status Lost status Damaged status Home library Current library Shelving location Date acquired Cost, normal purchase price Total Checkouts Full call number Barcode Date last seen Price effective from Koha item type
      South Mansfield College South Mansfield College   09/18/2018 479.20   CUL TX 724.5 .J3K87 2016 SMC06204 09/20/2018 09/20/2018 Books

Everyday Harumi :

APA

Kurihara H., .Everyday Harumi. Great Britain: .

Chicago

Kurihara Harumi, .Everyday Harumi. Great Britain: .

Harvard

Kurihara H., .Everyday Harumi. Great Britain: .

MLA

Kurihara Harumi, .Great Britain: . .

  • Place hold
  • Print
  • Cite
  • Add to your cart (remove)
  • Save record
    BIBTEX Dublin Core MARCXML MARC (non-Unicode/MARC-8) MARC (Unicode/UTF-8) MARC (Unicode/UTF-8, Standard) MODS (XML) RIS
  • More searches
    Search for this title in:
    Other Libraries (WorldCat) Other Databases (Google Scholar) Online Stores (Bookfinder.com) Open Library (openlibrary.org)

Exporting to Dublin Core...

SOUTHVILLE LIBRARY

Southville International School and Colleges Library

1281 Tropical Ave. Cor. Luxembourg St., BF Homes International, Las Pinas City

Tel. No. 8256374 / 252358 Loc. 117/146

Powered by Koha